000 00799nam a2200217 a 4500
001 000019238
005 20200929165946.0
008 100528s2005 sp a r 000 p spa d
040 _aDO-SdBNP
_bspa
_cBNPHU
082 _a861.44
100 1 _aNova Luna, Julián de
_941396
245 1 0 _aEntre la naturaleza :
_bfotografías y poemas /
_cJulián de Nova Luna ; prólogo Ángel-Pedro Gómez Pazos.
260 _aCiudad Real, España :
_bGrupo Literario Guadiana,
_c2005.
300 _a51 p. :
_bil. ;
_c24 cm.
490 1 _aColección bibliográfica especial primavera 2005
650 4 _aPoesía española
_9631
650 4 _aLiteratura española
_9632
700 1 _aGómez Pazos, Ángel-Pedro,
_epról.
_941397
830 0 _aColección bibliográfica especial primavera 2005
_941398
049 _aBNGR
999 _c18756
_d18756